Gridiron : stories from 100 years of the National ... Read More
Available copies
- 1 of 1 copy available at LARL/NWRL Consortium. (Show)
- 1 of 1 copy available at Northwest Regional Library.
Current holds
0 current holds with 1 total copy.
Show All Copies
| Location | Call Number / Copy Notes | Barcode | Shelving Location | Status | Due Date |
|---|---|---|---|---|---|
| Godel Memorial-Warren Library | j 796.332 BOW (Text) | 35500006308926 | Main | Available | - |
Record details
- ISBN: 9781481481120
- ISBN: 1481481126
- Physical Description: 99 pages : color illustrations ; 29 cm
- Publisher: New York : Margaret K. McElderry Books, 2020.
Content descriptions
| Bibliography, etc. Note: | Includes bibliographical references (page 98) and ... Read More |
| Summary, etc.: | "The National Football league is the most popular ... Read More |
| Target Audience Note: | Ages 8-12 Margaret K. McElderry Books. Grades 4-6 Margaret K. McElderry Books. |
Search for related items by subject
| Subject: | National Football League > History > Juvenile literature. Football > United States > History > Juvenile literature. |
| LDR | 02656cam a22003618i 4500 | ||
|---|---|---|---|
| 001 | 352603 | ||
| 003 | LARL_NWRL_CONSORTIUM | ||
| 005 | 20201006164121.0 | ||
| 008 | 200810s2020 nyua j b 001 0 eng | ||
| 010 | . | ‡a2019038490 | |
| 020 | . | ‡a9781481481120 ‡q(hardcover) | |
| 020 | . | ‡a1481481126 ‡q(hardcover) | |
| 035 | . | ‡a(OCoLC)1183036396 | |
| 040 | . | ‡aDLC ‡beng ‡erda ‡cDLC ‡dOCLCQ ‡dGZD | |
| 042 | . | ‡apcc | |
| 043 | . | ‡an-us--- | |
| 082 | 0 | 0. | ‡a796.332/640973 ‡223 |
| 100 | 1 | . | ‡aBowen, Fred, ‡eauthor. ‡0(LARL_NWRL_CONSORTIUM)119050 |
| 245 | 1 | 0. | ‡aGridiron : ‡bstories from 100 years of the National Football League / ‡cwritten by Fred Bowen ; illustrated by James E. Ransome. |
| 264 | 1. | ‡aNew York : ‡bMargaret K. McElderry Books, ‡c2020. | |
| 300 | . | ‡a99 pages : ‡bcolor illustrations ; ‡c29 cm | |
| 336 | . | ‡atext ‡btxt ‡2rdacontent | |
| 337 | . | ‡aunmediated ‡bn ‡2rdamedia | |
| 338 | . | ‡avolume ‡bnc ‡2rdacarrier | |
| 504 | . | ‡aIncludes bibliographical references (page 98) and index. | |
| 520 | . | ‡a"The National Football league is the most popular sports league in the United States. It's championship Game, the Super Bowl, is watched by millions of people every year. But it wasn't always like this. In the last 100 years, football changed from a poorly organized, often overlooked sport to America's favorite pastime. Here are the stories of that remarkable transformation. The stories of the greatest players, the most successful coaches, the most memorable games-and the amazing plays that made us gasp as we watched them in stadiums and on televisions all over America. Discover the league's scrappy beginnings in an automobile showroom, and early players like Red Grange, the Galloping Ghost. Relive the very first championship game, played indoors after a circus had visited, and famous games like the Ice Bowl. See the NFL at war, and meet some of the remarkable athletes who helped desegregate the league. Learn how the draft came into existence, and about the teams that strove for that almost impossible goal-a perfect season. Veteran sportswriter Fred Bowen brings his in-depth knowledge and lively prose to these fascinating stories, and award-winning artist James Ransome has created stunning full-page illustrations that bring the sport of football to life like never before. These are the stories of the NFL-the stories of the gridiron"-- ‡cProvided by publisher. | |
| 521 | . | ‡aAges 8-12 ‡bMargaret K. McElderry Books. | |
| 521 | . | ‡aGrades 4-6 ‡bMargaret K. McElderry Books. | |
| 610 | 2 | 0. | ‡aNational Football League ‡xHistory ‡vJuvenile literature. |
| 650 | 0. | ‡aFootball ‡zUnited States ‡xHistory ‡vJuvenile literature. ‡0(LARL_NWRL_CONSORTIUM)169480 | |
| 700 | 1 | . | ‡aRansome, James, ‡eillustrator. ‡0(LARL_NWRL_CONSORTIUM)98221 |
| 901 | . | ‡a352603 ‡b ‡c352603 ‡tbiblio | |

Add to basket
Permalink
Disable Highlighting